Ajax Squad 2023/24 - Statistics

General Stats
  • This quiz has been taken 22 times
  • The average score is 19 of 25
Answer Stats
Number Player % Correct
4 Jorrel Hato
94%
37 Josip Šutalo
94%
25 Borna Sosa
89%
9 Brian Brobbey
89%
10 Chuba Akpom
89%
2 Devyne Rensch
89%
40 Diant Ramaj
89%
23 Steven Berghuis
89%
7 Steven Bergwijn
89%
1 Gerónimo Rulli
83%
8 Kenneth Taylor
83%
3 Anton Gaaei
78%
12 Jay Gorter
78%
22 Remko Pasveer
78%
19 Georges Mikautadze
72%
6 Sivert Mannsverk
72%
33 Benjamin Tahirović
67%
21 Branco van den Boomen
67%
11 Carlos Borges
67%
18 Jakov Medić
67%
30 Gastón Ávila
61%
13 Ahmetcan Kaplan
50%
17 Anass Salah-Eddine
50%
24 Silvano Vos
50%
27 Amourricho van Axel Dongen
33%
No matching quizzes found
Score Distribution
Percent of People with Each Score
Percentile by Number Answered
Your Score History
You have not taken this quiz